| 000 | 00822nam a2200265Ia 4500 | ||
|---|---|---|---|
| 003 | OSt | ||
| 005 | 20221005062155.0 | ||
| 006 | a|||||r|||| 00| 0 | ||
| 007 | ta | ||
| 008 | 221004b |||||||| |||| 00| 0 eng d | ||
| 020 |
_a9780415693578 (hbk) _c6576 |
||
| 024 | _a1843 | ||
| 037 |
_b136/2012-13, 12/11/2012, Pioneer Books Distributors _cTextual |
||
| 040 |
_aCRL _cCRL _beng |
||
| 041 |
_2eng _aeng |
||
| 082 | _aYv45, Q2 | ||
| 100 |
_aFadaee Simin _9601514 |
||
| 245 | 0 |
_aSocial movements in Iran _b Environmentalism and civil society |
|
| 260 |
_aLondon _bRoutledge UK _c2012 |
||
| 300 |
_aix, 163p. _ccm. |
||
| 490 | _aIranian studies | ||
| 650 | _aSOCIOLOGY | ||
| 942 |
_hYv45, Q2 _cTEXL _2cc |
||
| 999 |
_c969297 _d969297 |
||